Normal view
MARC view
- Michael, AM
Entry Personal Name
001 - CONTROL NUMBER
- control field: 6834
003 - CONTROL NUMBER IDENTIFIER
- control field: OSt
005 - DATE AND TIME OF LATEST TRANSACTION
- control field: 20250108124734.0
008 - FIXED-LENGTH DATA ELEMENTS
- fixed length control field: 250108|| aca||aabn | a|a d
040 ## - CATALOGING SOURCE
- Original cataloging agency: OSt
- Transcribing agency: OSt
100 ## - HEADING--PERSONAL NAME
- Personal name: Michael, AM
670 ## - SOURCE DATA FOUND
- Source citation: Work cat.: (OSt)18987: Michael, AM, Principles of Agricultural Engineering Vol.1 and Vol.11, 1981.
